The handstruck letter stamps of the Cape of Good Hope from 1792 to 1853 and the postmarks from 1853 to 1910 / (Record no. 104)

000 -LEADER
fixed length control field 00388nam a22001217a 4500
003 - CONTROL NUMBER IDENTIFIER
control field OSt
008 - FIXED-LENGTH DATA ELEMENTS--GENERAL INFORMATION
fixed length control field 110509b xxu||||| |||| 00| 0 eng d
041 ## - LANGUAGE CODE
Language code of text/sound track or separate title eng
100 1# - MAIN ENTRY--PERSONAL NAME
Personal name Jurgens, Adrian Albert
245 10 - TITLE STATEMENT
Title The handstruck letter stamps of the Cape of Good Hope from 1792 to 1853 and the postmarks from 1853 to 1910 /
260 ## - PUBLICATION, DISTRIBUTION, ETC. (IMPRINT)
Name of publisher, distributor, etc. A.A. Jurgens (Printed by Cape Times Ltd.),
300 ## - PHYSICAL DESCRIPTION
Extent 0 pages
Holdings
Withdrawn status Lost status Source of classification or shelving scheme Materials specified (bound volume or other part) Damaged status Not for loan Permanent location Current location Shelving location Date acquired Total Checkouts Full call number Barcode Date last seen Copy number Price effective from Koha item type
      Book     Northern Philatelic Library Northern Philatelic Library Closed Stacks 05/09/2011   G8503 .C3 J95 1000107 06/27/2015 1 06/27/2015 Books

Powered by Koha